|
|
|
|
| LEADER |
00000nam a2200000 a 4500 |
| 001 |
vtls009350237 |
| 003 |
SK-MaSNL |
| 005 |
20260301210922.0 |
| 008 |
240313s2008 xo b 000 p slo |
| 015 |
|
|
|a SNBA2008/10-04776
|
| 020 |
|
|
|a 9788089214396
|q (brož.)
|
| 035 |
|
|
|a 1ED9B91E-67DE-4507-BDE3-42E495257F5B
|
| 035 |
|
|
|a urn:nbn:sk:snk-aml085
|
| 035 |
|
|
|a urn:nbn:sk:snk-am008ogk
|
| 040 |
|
|
|a SNK
|b slo
|c SNK
|e AACR2
|
| 041 |
0 |
|
|a slo
|
| 044 |
|
|
|a xo
|c SK
|
| 072 |
|
7 |
|a 821.162.4-1
|x Slovenská poézia
|2 konspekt
|
| 072 |
|
7 |
|a 821-93
|x Literatúra pre deti a mládež
|2 konspekt
|
| 080 |
|
|
|a 821.162.4-1
|2 2001
|
| 080 |
|
|
|a 821-93
|2 2001
|
| 080 |
|
|
|a 003.23
|2 2001
|
| 100 |
1 |
|
|a Spustová Izakovičová, Gabriela,
|d 1967-
|4 aut
|9 134878
|
| 245 |
1 |
0 |
|a Abecedníček
|b 102 básničiek
|c Gabriela Spustová
|
| 250 |
|
|
|a [1. vyd.]
|
| 260 |
|
|
|a Trnava
|b [Hnutie kresťanských pedagógov Slovenska]
|c 2008
|
| 300 |
|
|
|a 63 s.
|c 21 cm
|
| 500 |
|
|
|a Vydav. podľa ISBN
|
| 650 |
0 |
7 |
|a abeceda
|2 SNKPH
|9 2159
|
| 655 |
|
7 |
|a slovenská poézia
|2 SNKPH
|9 70444
|
| 655 |
|
7 |
|a publikácie pre deti
|2 SNKPH
|9 70148
|
| 919 |
|
|
|a 978-80-89214-39-6
|
| 958 |
|
|
|a LX
|
| 958 |
|
|
|a DB
|
| 968 |
|
|
|d 821
|
| 999 |
|
|
|c 915249
|d 917179
|
| 952 |
|
|
|a SNK
|b SNK
|y PREZ
|7 0
|p 17A0602362
|o snkSC 133422
|i snk2008/20209
|8 0
|0 0
|1 0
|4 0
|d 2008-10-20
|f 1
|l 0
|r 2025-06-24 00:00:00
|w 2026-02-24
|
| 952 |
|
|
|a SNK
|b SNK
|y VYP
|7 0
|p 17A0602361
|o snkSC 133422 D1
|i snk2008/20210
|8 0
|0 0
|1 0
|4 0
|d 2008-10-20
|l 0
|r 2026-02-24 07:57:20
|w 2026-02-24
|